| 000 | 00389nam a22001337a 4500 | ||
|---|---|---|---|
| 082 |
_a625.85 _bNAT _cDonation |
||
| 100 |
_aN.A.S., N.R.C. _940295 |
||
| 245 |
_aBituminous paving mistures _bFundamentals for design _cN.A.S., N.R.C. |
||
| 260 |
_aWashington _bN.A.S., N.R.C. _c1955 |
||
| 300 | _av, 46.p: | ||
| 526 |
_a0 _b0 _c0 _d625_850000000000000_NAT |
||
| 650 |
_aMCE _9379 |
||
| 942 |
_2ddc _cBK |
||
| 999 |
_c547741 _d547741 |
||